Moral politics : how liberals and conservatives think /
| Príomhchruthaitheoir: | |
|---|---|
| Formáid: | LEABHAR |
| Teanga: | English |
| Foilsithe / Cruthaithe: |
Chicago :
University of Chicago Press,
2002.
|
| Eagrán: | 2nd ed. |
| Ábhair: | |
| Rochtain ar líne: | Publisher description Contributor biographical information Table of contents |
| Classic Catalogue: | View this record in Classic Catalogue |
| LEADER | 01607nam a2200397 a 4500 | ||
|---|---|---|---|
| 001 | 31530 | ||
| 003 | BD-DhAAL | ||
| 005 | 20170105105951.0 | ||
| 008 | 170105s2002 ilu b 001 0 eng | ||
| 010 | |a 2001051052 | ||
| 020 | |a 0226467716 (paper : alk. paper) | ||
| 020 | |a 0226467708 (cloth) | ||
| 040 | |a DLC |c DLC |d DLC |d BD-DhAAL | ||
| 043 | |a n-us--- | ||
| 050 | 0 | 0 | |a HN90.M6 |b L34 2002 |
| 082 | 0 | 0 | |a 172 |2 21 |
| 100 | 1 | |a Lakoff, George. |9 20860 | |
| 245 | 1 | 0 | |a Moral politics : |b how liberals and conservatives think / |c George Lakoff. |
| 250 | |a 2nd ed. | ||
| 260 | |a Chicago : |b University of Chicago Press, |c 2002. | ||
| 300 | |a xv, 471 p. ; |c 22 cm. | ||
| 504 | |a Includes bibliographical references (p. [427]-451) and index. | ||
| 526 | |a BIGD | ||
| 541 | |e 31530 | ||
| 650 | 0 | |a Political ethics |z United States. |9 20861 | |
| 650 | 0 | |a Social ethics |z United States. |9 20862 | |
| 650 | 0 | |a Social values |z United States. |9 20863 | |
| 650 | 0 | |a Conservatism |z United States. |9 20864 | |
| 650 | 0 | |a Liberalism |z United States. |9 20865 | |
| 651 | 0 | |a United States |x Moral conditions. |9 20866 | |
| 856 | 4 | 2 | |3 Publisher description |u http://www.loc.gov/catdir/description/uchi051/2001051052.html |
| 856 | 4 | 2 | |3 Contributor biographical information |u http://www.loc.gov/catdir/bios/uchi051/2001051052.html |
| 856 | 4 | 1 | |3 Table of contents |u http://www.loc.gov/catdir/toc/uchi051/2001051052.html |
| 942 | |2 ddc |c BK | ||
| 999 | |c 37920 |d 37920 | ||
| 952 | |0 0 |1 0 |2 ddc |4 0 |6 172_000000000000000_LAK |7 0 |9 59891 |a IGS |b IGS |c GEN |d 2016-09-26 |e Riza Enterprise |g 2995.00 |l 0 |o 172 LAK |p 3010031530 |r 2016-12-15 |t 1 |v 2995.00 |w 2016-09-26 |y BK | ||